| 000 | 03015nam a2200289 i 4500 | ||
|---|---|---|---|
| 001 | 768714001 | ||
| 003 | CO-MdFUSB | ||
| 005 | 20250521084935.0 | ||
| 008 | 190405s2013 mnu||||g |||| 00| 0 eng d | ||
| 020 | _a978-0-9703028-1-6 | ||
| 040 |
_aCO-MdFUSB _bspa _cCO-MdFUSB _dCO-MdFUSBC _erda |
||
| 041 | _aeng | ||
| 082 |
_224 _a248.4 _bC858 |
||
| 245 | 0 | 0 |
_aCourage to think differently _c/ editado por George S. Johnson |
| 264 | 1 |
_aCambridge, Minnesota ; _bAdventure Publications, _c℗[2013] |
|
| 264 | 4 | _c©2013 | |
| 300 |
_a304 páginas _c; 23 cm |
||
| 336 |
_2rdacontent _atexto _btxt |
||
| 337 |
_2rdamedia _asin mediación _bn |
||
| 338 |
_2rdacarrier _avolumen _bnc |
||
| 505 |
_gContenido traducido: _aEn una cultura de religión irrelevante e idolatría. Convertirse en un cristiano de pensamiento / John B. Cobb, Jr. -- Santo descontento / Diana Butler Bass -- El peligro de adorar a Jesús / Harry Emerson Fosdick -- Necesitado en educación teológica / Walter Brueggemann -- Ídolos en la iglesia / George S. Johnson -- En una cultura de exclusión y democracia delgada. Algo por lo que vale la pena enojarse / Bill Moyers -- Cómo controlarse / Frances Moore Lappé -- Tomar en serio la opresión / Brita Gill-Austern -- La caridad puede ser una situación peligrosa / Shane Claiborne -- El hombre rico y Lázaro / George Johnson -- En una cultura de las certezas bíblicas y de la ignorancia. Leyendo la Biblia de nuevo / Marcus Borg -- Biblia de los oprimidos / Elsa Tamez -- Interpretación bíblica feminista / Elisabeth Schussler Fiorenza -- Dios toma partido / Robert McAfee Brown -- Jesús y la interpretación bíblica / George Johnson -- En una cultura de individualismo y gracia barata. Obediencia que no es legalismo / Walter Brueggemann -- Recordar a los pobres / Jeorg Rieger -- Cooptado por el sistema / Hermana Marie Augusta Neal -- Las políticas de ganar, tomar / Jacob Hacker y Paul Pierson -- De creer a seguir / George Johnson -- En una cultura de crisis ecológica y avaricia. Nuevo clima para la teología / Sallie McFague -- Destruyendo a los pequeños agricultores / Vandana Shiva -- Una guerra que nunca ganaremos / Wendell Berry -- Economía de la tierra / David Korten -- Sacramentalismo y eco-feminismo / Larry Rasmussen -- En una cultura de silencio e inseguridad laboral. Ante las autoridades / Walter Brueggeman -- Víctimas de ayer olvidadas / Elie Wiesel -- Carta de una cárcel de Birmingham / Martin Luther King, Jr. -- La cruz y el árbol de linchamiento / James H. Cone -- Ser profético requiere coraje / Leonardo Boff -- En una cultura de imperio y religión civil. No es una guerra de clases / Susan Brooks Thistlethwaite - Explotación global / Miguel de la Torre - América el excepcional / Brian McLaren - Israel, Palestina e Irán / Rabí Machael Lerner -- ¿Fue Jesús subversivo? / George Johnson |
||
| 650 | 0 |
_919 _aVida cristiana |
|
| 700 |
_aJohnson, George S., _911544 _eeditor |
||
| 942 | _cBK | ||
| 945 | _aJTF-925 | ||
| 999 |
_c64928 _d64928 |
||